000 00633cam a22002173a 4500
001 37245
003 PGUSA
005 20140828083822.0
008 110828s2011||||xxu|||||s|||||000 | eng d
040 _aPGUSA
_beng
042 _adc
100 1 _aTregarthen, Enys
245 1 4 _aThe Piskey-Purse :
_bLegends and Tales of North Cornwall
_h[electronic resource] /
_cEnys Tregarthen
260 _bProject Gutenberg,
_c2011
506 _aPublic domain in the USA.
516 _aElectronic text
700 1 _aPethybridge, J. Ley
830 0 _aProject Gutenberg
_v37245
856 4 0 _uhttp://www.gutenberg.org/ebooks/37245
942 _cEB
999 _c266499
_d266499